| 000 | 01593nam a2200445 4500 | ||
|---|---|---|---|
| 001 | 22798 | ||
| 003 | SK-KTurca | ||
| 005 | 20260428072724.0 | ||
| 008 | 200803s2019 xo oac j 000 0 slo d | ||
| 020 |
_a9788022210577 _q(viazané) |
||
| 035 | _aa000665514 | ||
| 040 |
_aPOKPOH _bslo _cPOKPOH _dUKB _erda |
||
| 041 | 1 |
_aslo _hger |
|
| 044 |
_axo _cSK |
||
| 072 | 7 |
_a59 _xZoológia _2konspekt |
|
| 072 | 7 |
_a0/9-053.2 _xLiteratúra pre deti a mládež (náučná) _2konspekt |
|
| 080 |
_a592/599 _22011 |
||
| 080 |
_a591.5 _22011 |
||
| 080 |
_a(0.062) _22011 |
||
| 080 |
_a(0.053.2) _22011 |
||
| 100 | 1 |
_aWohlleben, Peter, _d1964- _4aut |
|
| 240 | 1 | 0 |
_aWeißt du, wo die Tiere wohnen?. _lSlovensky |
| 245 | 1 | 0 |
_aVieš, kde bývajú zvieratká? _bmalá objaviteľská výprava po lúkach a lesoch _cPeter Wohlleben ; z nemeckého originálu Weißt du, wo die Tiere wohnen? ... preložila Elena Diamantová |
| 250 | _aVydanie I. | ||
| 264 | 1 |
_aBratislava _bTatran _c2019 |
|
| 300 |
_a125 strán _bilustrácie, portrét _c29 cm |
||
| 336 |
_atext _btxt _2rdacontent |
||
| 336 |
_astatický obraz _bsti _2rdacontent |
||
| 337 |
_abez média _bn _2rdamedia |
||
| 338 |
_azväzok _bnc _2rdacarrier |
||
| 521 | 1 | _aPre deti od 6 rokov | |
| 650 | 0 | 7 |
_aživočíchy _2UKBPH |
| 650 | 0 | 7 |
_aekológia živočíchov _2UKBPH |
| 650 | 0 | 7 |
_asprávanie živočíchov _2UKBPH |
| 655 | 7 |
_apopulárno-náučné publikácie _2UKBPH |
|
| 655 | 7 |
_apublikácie pre deti _2UKBPH |
|
| 700 | 1 |
_aDiamantová, Elena, _d1949- _4trl |
|
| 942 |
_2ddc _cKLDE _n0 |
||
| 999 |
_c22798 _d22798 |
||